| Tag |
First Indicator |
Second Indicator |
Subfields |
| LEADER |
00000cam a2200000 i 4500 |
| 001 |
in00003441223 |
| 005 |
20170430033856.0 |
| 008 |
130506t20152015njua 001 0 eng c |
| 020 |
|
|
|a 1118629868 (paper)
|
| 020 |
|
|
|a 9781118629864 (paper)
|
| 035 |
|
|
|a (OCoLC)ocn841910177
|
| 040 |
|
|
|a YDXCP
|e rda
|c YDXCP
|d WJY
|d OSU
|d BKW
|d TXA
|d UtOrBLW
|
| 049 |
|
|
|a TXAM
|
| 050 |
|
4 |
|a QA297
|b .G48 2015
|
| 082 |
0 |
|
|a 620.00285536
|
| 100 |
1 |
|
|a Gilat, Amos,
|e author.
|
| 245 |
1 |
0 |
|a MATLAB® :
|b an introduction with applications /
|c Amos Gilat.
|
| 250 |
|
|
|a Fifth edition.
|
| 264 |
|
1 |
|a Hoboken, New Jersey :
|b John Wiley & Sons,
|c [2015]
|
| 264 |
|
4 |
|c ©2015
|
| 300 |
|
|
|a x, 406 pages :
|b illustrations ;
|c 24 cm.
|
| 336 |
|
|
|a text
|b txt
|2 rdacontent
|
| 337 |
|
|
|a unmediated
|b n
|2 rdamedia
|
| 338 |
|
|
|a volume
|b nc
|2 rdacarrier
|
| 500 |
|
|
|a Includes index.
|
| 630 |
0 |
0 |
|a MATLAB.
|
| 650 |
|
0 |
|a Numerical analysis
|x Data processing.
|
| 650 |
|
0 |
|a Computer programming.
|
| 948 |
|
|
|a cataloged
|b h
|c 2014/8/13
|d c
|e dmitchel
|f 2:10:20 pm
|
| 994 |
|
|
|a C0
|b TXA
|
| 999 |
|
|
|a MARS
|
| 500 |
|
|
|a MATH 151
|
| 999 |
f |
f |
|s 0394ebfe-b519-35ac-a381-1f4c9b70e839
|i a8a344be-9aa8-32db-b782-f2d3511082a0
|t 0
|
| 952 |
f |
f |
|p normal
|a Texas A&M University
|b College Station
|c Sterling C. Evans Library
|d Evans: Library Stacks
|t 0
|e QA297 .G48 2015
|h Library of Congress classification
|i unmediated -- volume
|m A14842401888
|
| 952 |
f |
f |
|p normal
|a Texas A&M University
|b College Station
|c Sterling C. Evans Library
|d Evans: Library Stacks
|t 0
|e QA297 .G48 2015
|h Library of Congress classification
|i unmediated -- volume
|m A14842803570
|
| 952 |
f |
f |
|p normal
|a Texas A&M University
|b College Station
|c Sterling C. Evans Library
|d Evans: Library Stacks
|t 0
|e QA297 .G48 2015
|h Library of Congress classification
|i unmediated -- volume
|m A14842803588
|
| 952 |
f |
f |
|p normal
|a Texas A&M University
|b College Station
|c Sterling C. Evans Library
|d Evans: Library Stacks
|t 0
|e QA297 .G48 2015
|h Library of Congress classification
|i unmediated -- volume
|m A14842401870
|
| 998 |
f |
f |
|a QA297 .G48 2015
|t 0
|l Evans: Library Stacks
|
| 998 |
f |
f |
|a QA297 .G48 2015
|t 0
|l Evans: Library Stacks
|
| 998 |
f |
f |
|a QA297 .G48 2015
|t 0
|l Evans: Library Stacks
|
| 998 |
f |
f |
|a QA297 .G48 2015
|t 0
|l Evans: Library Stacks
|